| 000 | 00610nam a2200229Ia 4500 | ||
|---|---|---|---|
| 003 | OSt | ||
| 005 | 20220928141549.0 | ||
| 006 | a|||||r|||| 00| 0 | ||
| 007 | ta | ||
| 008 | 220927b |||||||| |||| 00| 0 eng d | ||
| 024 | _a15994 | ||
| 037 | _cTextual | ||
| 040 |
_aSDCL _cSDCL _beng |
||
| 041 |
_2eng _aeng |
||
| 082 | _aD65,8(B), K8 | ||
| 100 |
_aStagg Glenn W _9500929 |
||
| 245 | 0 | _aComputer methods in power system analysis. | |
| 260 | _c1968 | ||
| 700 |
_a El Abiad Ahmed H _9500930 |
||
| 942 |
_hD65,8(B), K8 _cTEXL _2CC |
||
| 999 |
_c818354 _d818354 |
||